Catálogo

Vista normal Vista MARC

Entrada Personal Name

Número de registros utilizados en: 2

001 - CONTROL NUMBER

  • control field: 387

003 - CONTROL NUMBER IDENTIFIER

  • control field: DLC

005 - DATE AND TIME OF LATEST TRANSACTION

  • control field: 20200812163600.0

008 - FIXED-LENGTH DATA ELEMENTS

  • fixed length control field: 920522n| acannaabn |a aaa c

010 ## - LIBRARY OF CONGRESS CONTROL NUMBER

  • LC control number: n 92055967

035 ## - SYSTEM CONTROL NUMBER

  • System control number: (OCoLC)oca03176814

040 ## - CATALOGING SOURCE

  • Original cataloging agency: TxU
  • Language of cataloging: spa
  • Transcribing agency: Mx-PuUPA
  • Modifying agency: OCoLC
  • Modifying agency: NmU
  • Modifying agency: Mx-PuUPA
  • Description conventions: rda

100 1# - HEADING--PERSONAL NAME

  • Personal name: Camiro Gutiérrez Zamora, Angel,

374 ## - OCCUPATION

  • Occupation: Autor

375 ## - GENDER

  • Gender: hombre

377 ## - ASSOCIATED LANGUAGE

  • Language code: spa

400 1# - SEE FROM TRACING--PERSONAL NAME

  • Personal name: Gutiérrez Zamora, Angel Camiro

400 1# - SEE FROM TRACING--PERSONAL NAME

  • Personal name: Zamora, Angel Camiro Gutiérrez

400 1# - SEE FROM TRACING--PERSONAL NAME

  • Personal name: Camiro, Angel

670 ## - SOURCE DATA FOUND

  • Source citation: His Imagen histórica de la Virgen de Guadalupe, 1990:
  • Information found: t.p. (Angel Camiro Gutiérrez Zamora)

670 ## - SOURCE DATA FOUND

  • Source citation: El origen del guadalupanismo, 1996:
  • Information found: t.p. (Angel Camiro Gutiérrez Zamora) t.p. verso (Camiro Gutiérrez Zamora, Angel) p. 9 (Angel Camiro)